Science Quiz

Random Science or Elements Quiz
Score 0/118 Timer 02:00
0 Plays Today
% Correct
Lm
96.1%
Lm
96.1%
Lm
96.1%
Lm
96.1%
Lm
96.1%
Hm
96.1%
Hm
96.1%
Hm
96.1%
Hm
96.1%
Hn
95.3%
Bm
93.8%
Bm
93.8%
Bm
93.8%
Bm
93.8%
Sm
93.7%
Sm
93.7%
Sm
93.7%
Sm
93.7%
Sm
93.7%
Sm
93.7%
Cm
93.5%
Cm
93.5%
Cm
93.5%
Cm
93.5%
Cm
93.5%
Cm
93.5%
Cm
93.5%
Cm
93.5%
Pm
93.2%
Pm
93.2%
Pm
93.2%
Pm
93.2%
Pm
93.2%
Pm
93.2%
Pm
93.2%
Pm
93.2%
Nn
92.3%
Nn
92.3%
Mm
92.1%
Mm
92.1%
% Correct
Mm
92.1%
Mm
92.1%
On
91.5%
Am
89.5%
Am
89.5%
Am
89.5%
Cn
89.3%
Tm
88.1%
Tm
88.1%
Tm
88.1%
Tm
88.1%
Tm
88.1%
Tm
88.1%
Tm
88.1%
Tm
88.1%
Bn
87.3%
Rm
86.5%
Rm
86.5%
Rm
86.5%
Rm
86.5%
Rm
86.5%
Rm
86.5%
Rm
86.5%
An
86.2%
In
86.2%
Sr
84.3%
Sr
84.3%
Fe
82.1%
On
81.9%
Mm
81.8%
Zc
80.7%
Ce
80.4%
Gm
80.1%
Gm
80.1%
Gm
80.1%
Kn
78.7%
Cr
78.7%
Sn
77.7%
Fm
77.6%
Fm
77.6%
% Correct
Fm
77.6%
Nl
76.9%
Ym
76.4%
Ym
76.4%
Vm
76.2%
Xn
76%
Ct
75%
Nm
74.5%
Nm
74.5%
Nm
74.5%
Nm
74.5%
Tn
74.3%
Tn
74.3%
Gd
73.6%
Nm
73.5%
Me
73.4%
Rn
71.3%
Im
69.8%
Im
69.8%
Zm
69.5%
Be
67.6%
Ps
67.4%
Um
66.8%
Om
65.8%
Dm
65.6%
Dm
65.6%
Dm
65.6%
Em
63.6%
Em
63.6%
Em
63.6%
Ie
62.6%
Ld
60.6%
Te
56.1%
Ae
54.1%
Ac
52.9%
My
52.7%
Bh
48%
Ay
36.4%

You're not logged in!

Compare scores with friends on all Sporcle quizzes.
OR
Log In

Sporcle TV

Today on Sporcle TV


Watch our educational content, quiz creation guides, and fun videos on Sporcle TV.

Show Comments

Extras

Top Quizzes Today


Score Distribution

Paid Content

Your Account Isn't Verified!

In order to create a playlist on Sporcle, you need to verify the email address you used during registration. Go to your Sporcle Settings to finish the process.

Report this User

Report this user for behavior that violates our Community Guidelines.

Details: